On This Day: October 19th Quiz Stats

 Plays Quiz Updated Oct 19, 2017

Challenge
Share
Tweet
Embed
Score 0/7 Timer 03:00
0 Plays Today
Question Answer Wrong Answers
The United States government imposes a near-total trade embargo against this country.
1960
Cuba
88.4%
Sudan
0.9%
Syria
1.6%
Iran
7.1%
This man goes on trial in Baghdad for crimes against humanity.
2005
Saddam Hussein
88%
Muammar Gaddafi
5.5%
Bashar al-Assad
2%
Ruhollah Khomeini
2.1%
The League of Nations places economic sanctions on fascist Italy for its invasion of this African country.
1935
Ethiopia
76.6%
Kenya
8.5%
Senegal
10.1%
South Africa
4%
At ______, Virginia, representatives of British commander Lord Cornwallis hand over Cornwallis' sword and formally surrender to George Washington and the comte de Rochambeau.
1781
Yorktown
76.1%
Trenton
3.5%
Princeton
3.9%
Charleston
16.4%
This Founding Father is sworn in as the first Chief Justice of the United States.
1789
John Jay
63.5%
Alexander Hamilton
12.4%
Patrick Henry
5.1%
Thomas Jefferson
18.5%
The People's Liberation Army takes control of the town of Chamdo, an event sometimes called the ‘Invasion of ______’.
1950
Tibet
57.4%
Myanmar
13.9%
Taiwan
13.8%
Xinjiang
13.7%
Japan and this nation sign a Joint Declaration, officially ending the state of war between the two countries that had existed since August 1945.
1956
Soviet Union
27%
China
36.1%
United States
22.7%
North Korea
12.6%

Today's Daily Dose

Missing Word
No Snow!

Word Ladder
Wild Cats

On This Day
December 16th II

You're not logged in!

Compare scores with friends on all Sporcle quizzes.
OR
Log In

You Might Also Like...

Show Comments

Extras

Top Quizzes Today


Score Distribution

Your Account Isn't Verified!

In order to create a playlist on Sporcle, you need to verify the email address you used during registration. Go to your Sporcle Settings to finish the process.

Report this User

Report this user for behavior that violates our Community Guidelines.

Details: